1536 1518 1538 1475 1485 1548 1435 1421 1763 1736 1940 1328 1539 1689 1699 1468 1377 1553 1708 1514 1468 1939 1382 1590 1113 1645 1424 1042 1316 1666 1907 1250 1120 1198 1831 1021 1774 1203 1319 1302 1118 1485 1920 1504 1259 1251 1303 1449 1304 1251 1359 1434 1232 1289 1429 1985 1539 1088 1998 1695 1763 1422 1446 1489 1517 1885 1013 1008 1955 1798 1891 1932 1250 1889 1613 1505 1529 1440 1798 1726 1670 1190 1929 1929 1498 1267 1508 1819 1218 1006 1290 1206 1437 1794 1576 1550 1129 1929 1940 BCNSPRNW ULIB Ver.6.0+V

เปลี่ยนเป็นภาษาไทย

Change to English
 แสดงรายละเอียดบรรณานุกรม
  กลับหน้าหลัก

Brief Record : Get Marc (ISO 2709) : E-mail record : QR code < ปิดหน้าต่าง
LEADER : 00000nam a2200361Ia 4500
001    13399114951
003     ULIB
008    100323s2011 us a bf 001 0 eng d
020    ^a9781609131128 (pbk.)
060 04 ^aQS39^bM822e
100 1  ^aMoore, Keith L.
245 10 ^aEssential clinical anatomy /^cKeith L. Moore, Anne M.R.
250    ^a4th ed.
260    ^aPhiladelphia, Pa. :^bLippincott Williams & Wilkins,^c2011
300    ^axxviii, 703 p. :^bill. (chiefly col.) ;^c28 cm.
504    ^aIncludes bibliographical references and index
650  0 ^aHuman anatomy^vHandbooks, manuals, etc.
650  0 ^aHuman anatomy^vAtlases
650  2 ^aAnatomy^vHandbooks
700 1  ^aAgur, A. M. R.
700 1  ^aDalley, Arthur F.
945    ^p0^l0^i19114
995    ^aKesorn
999 ^a ใช้งานได้ทุกระบบ
รายการนี้ยังไม่มีแท็ก
คุณยังไม่ได้ล็อกอิน คุณสามารถมีกิจกรรมร่วมกับเว็บไซต์ได้ แต่ต้องล็อกอินก่อน ::
  ล็อกอิน

รายการสื่อสารสนเทศ

ลำดับที่ ประเภท เลขเรียก/บาร์โค้ด สถานที่ สถานะ
- ไม่พบข้อมูล -

รายการใกล้เคียง
    ผู้แต่ง [Moore, Keith L.]

BibComment


ยังไม่เคยถูกคอมเมนท์

คอมเมนท์ทรัพยากรรายการนี้
  คอมเมนท์: Essential clinic..


 Copyright 2026. Bcnsprnw @Library